| 000 | 01703cam a2200349Mc 4500 | ||
|---|---|---|---|
| 001 | ocn952538613 | ||
| 003 | Co-BoUCM | ||
| 005 | 20161202124811.0 | ||
| 008 | 161202s2015 xxu fr 001 0 eng d | ||
| 020 | _a9781442245419 | ||
| 020 | _a1442245417 | ||
| 035 | _a(OCoLC)952538613 | ||
| 040 |
_aCo-BoUCM _bspa _cSaul Niño _dSaul Niño |
||
| 041 | 0 | _aeng | |
| 100 | 1 |
_aGunaratna, Rohan _d1961- _982415 |
|
| 245 | 1 | 4 |
_aThe global Jihad movement _cRohan Gunaratna y Aviv Oreg |
| 260 |
_aLanham (Maryland, Estados Unidos) _bRowman & Littlefield _c2015 |
||
| 300 | _axxviii, 431 páginas | ||
| 500 | _aIncluye índice | ||
| 505 | 0 | _aIndhold: The ideological imperative ; Al-Qaeda : the global vanguard ; Affiliated groups ; Jihad arena offshoots ; Local initiatives, lone wolves, and homegrown cells | |
| 520 | 8 | _aThree to four dozen international and local organizations, up to one hundred thousand individuals, and millions of supporters are part of the phenomenon of global jihad. This book endeavors to name and differentiate these organizations and to explain their infrastructure, operational capabilities, and activities. It also analyzes their mutual and multi-lateral relations inside and outside the "jihadi framework." In essence, this is a "who's who" in the global jihad | |
| 546 | _aTexto en inglés | ||
| 650 | 0 |
_aJihad _943961 |
|
| 650 | 7 |
_aIslamismo _918035 |
|
| 650 | 7 |
_aDelitos internacionales _97489 |
|
| 650 | 7 |
_aPolítica internacional _921990 |
|
| 650 | 7 |
_aTerrorismo _xAspectos religiosos _928987 |
|
| 690 | 0 |
_aSociología _9386 |
|
| 700 | 1 |
_aOreg, Aviv _982416 |
|
| 942 |
_2DEWEY _a5 _cLIBRORESER _e1 _h363.325 _mJ612gl |
||
| 999 |
_c305103 _d305103 |
||